<?xml version="1.0" encoding="UTF-8"?>
<record
    xmlns:xsi="http://www.w3.org/2001/XMLSchema-instance"
    xsi:schemaLocation="http://www.loc.gov/MARC21/slim http://www.loc.gov/standards/marcxml/schema/MARC21slim.xsd"
    xmlns="http://www.loc.gov/MARC21/slim">

  <leader>01020nam a2200265 i 4500</leader>
  <controlfield tag="001">179670</controlfield>
  <controlfield tag="003">ES-MaACL</controlfield>
  <controlfield tag="005">20250804110805.0</controlfield>
  <controlfield tag="008">111230s2002    it acf       |||| |dita d</controlfield>
  <datafield tag="080" ind1=" " ind2=" ">
    <subfield code="a">75Pitti(083.824)</subfield>
  </datafield>
  <datafield tag="100" ind1="1" ind2=" ">
    <subfield code="a">Pitti (</subfield>
    <subfield code="d">1951-)</subfield>
    <subfield code="9">148929</subfield>
  </datafield>
  <datafield tag="245" ind1="1" ind2="0">
    <subfield code="a">Pitti </subfield>
    <subfield code="b">: [exposici&#xF3;n] Artes Pl&#xE1;sticas, Ateneo Madrid / </subfield>
    <subfield code="c">[textos, Mario &#xC1;ngel Marrod&#xE1;n ... et al.].</subfield>
  </datafield>
  <datafield tag="246" ind1="3" ind2="8">
    <subfield code="i">En el lomo</subfield>
    <subfield code="a">La settima volta</subfield>
  </datafield>
  <datafield tag="260" ind1=" " ind2=" ">
    <subfield code="a">Madrid : </subfield>
    <subfield code="b">Ateneo de Madrid ; </subfield>
    <subfield code="a">B&#xE9;rgamo (Italia) : </subfield>
    <subfield code="b">Crea, </subfield>
    <subfield code="c">[2002]</subfield>
  </datafield>
  <datafield tag="300" ind1=" " ind2=" ">
    <subfield code="a">64 p. : </subfield>
    <subfield code="b">principalmente il. col. ; </subfield>
    <subfield code="c">29 cm.</subfield>
  </datafield>
  <datafield tag="546" ind1=" " ind2=" ">
    <subfield code="a">Textos en italiano y espa&#xF1;ol.</subfield>
  </datafield>
  <datafield tag="600" ind1="1" ind2="4">
    <subfield code="a">Pitti (</subfield>
    <subfield code="d">1951)-</subfield>
    <subfield code="v">Exposiciones.</subfield>
    <subfield code="9">148930</subfield>
  </datafield>
  <datafield tag="610" ind1="2" ind2="4">
    <subfield code="a">Ateneo de Madrid-</subfield>
    <subfield code="v">Exposiciones-</subfield>
    <subfield code="y">2001-2009</subfield>
    <subfield code="9">1924</subfield>
  </datafield>
  <datafield tag="655" ind1=" " ind2="7">
    <subfield code="2">tgfbne</subfield>
    <subfield code="9">193628</subfield>
    <subfield code="a">Cat&#xE1;logos de exposiciones</subfield>
  </datafield>
  <datafield tag="700" ind1="1" ind2=" ">
    <subfield code="a">Marrod&#xE1;n, Mario &#xC1;ngel, </subfield>
    <subfield code="d">1932-2005</subfield>
    <subfield code="9">77080</subfield>
  </datafield>
  <datafield tag="710" ind1="2" ind2=" ">
    <subfield code="a">Ateneo de Madrid. </subfield>
    <subfield code="b">Secci&#xF3;n de Artes Pl&#xE1;sticas.</subfield>
    <subfield code="9">1970</subfield>
  </datafield>
  <datafield tag="852" ind1=" " ind2=" ">
    <subfield code="a">ES-MaACL</subfield>
    <subfield code="j">2291-F-17</subfield>
  </datafield>
  <datafield tag="942" ind1=" " ind2=" ">
    <subfield code="2">udc</subfield>
  </datafield>
  <datafield tag="999" ind1=" " ind2=" ">
    <subfield code="c">179670</subfield>
    <subfield code="d">179670</subfield>
  </datafield>
  <datafield tag="952" ind1=" " ind2=" ">
    <subfield code="0">0</subfield>
    <subfield code="1">0</subfield>
    <subfield code="2">udc</subfield>
    <subfield code="4">0</subfield>
    <subfield code="7">0</subfield>
    <subfield code="8">Colecci&#xF3;n_de_folletos</subfield>
    <subfield code="a">ATENEOM</subfield>
    <subfield code="b">ATENEOM</subfield>
    <subfield code="c">DEPOF</subfield>
    <subfield code="d">2012-01-02</subfield>
    <subfield code="l">0</subfield>
    <subfield code="o">2291-F-17</subfield>
    <subfield code="p">1188750</subfield>
    <subfield code="r">2023-02-23 00:00:00</subfield>
    <subfield code="w">2023-02-23</subfield>
    <subfield code="y">FOLLETOS</subfield>
  </datafield>
</record>
